| 000 | 00393nam a2200169Ia 4500 | ||
|---|---|---|---|
| 003 | OSt | ||
| 005 | 20240209111337.0 | ||
| 008 | 170619s9999 xx 000 0 und d | ||
| 020 | _a9780071003643 | ||
| 040 | _cIIMT ENGINEERING COLLEGE | ||
| 100 | _aKaushish- J P | ||
| 245 | 0 | _aMicrowave communications | |
| 260 | _bMc Graw Hill | ||
| 260 | _c1989 | ||
| 546 | _aENGLISH | ||
| 942 |
_2ddc _c02 |
||
| 999 |
_c17639 _d17639 |
||